[Event "14th Euro Indiv 2013"]
[Site "Legnica POL"]
[Date "2013.05.16"]
[Round "11.18"]
[White "Popov,Iv RUS"]
[Black "Potkin,V"]
[Result "1-0"]
[WhiteElo "2620"]
[BlackElo "2666"]

1.e4 c5 2.Nf3 e6 3.d4 cxd4 4.Nxd4 Nc6 5.Nc3 Qc7 6.Be3 a6 7.Qd2 Nf6 8.f4 Bb4
9.Bd3 e5 10.Nf5 g6 11.fxe5 Nxe5 12.Bg5 Nfg4 13.Nh6 Nxh6 14.Bxh6 d6 15.O-O Be6
16.a3 Bxc3 17.bxc3 O-O-O 18.Rab1 d5 19.exd5 Rxd5 20.Qe2 Nxd3 21.cxd3 Bf5
22.Bf4 Bxd3 23.Qxd3 Rxd3 24.Bxc7 Kxc7 25.Rxf7+ Kd6 26.Rbxb7 Rxc3 27.Rb6+ Ke5
28.Rxa6 Rd8 29.h3 Rd2 30.Rxh7 Rc1+ 31.Kh2 Rcc2 32.Rxg6 Kd5  1-0

[Event "14th Euro Indiv 2013"]
[Site "Legnica POL"]
[Date "2013.05.16"]
[Round "11.123"]
[White "Xylogiannopoulos,A"]
[Black "Przezdziecka,M"]
[Result "0-1"]
[WhiteElo "2147"]
[BlackElo "2302"]

1.e4 c5 2.Nf3 e6 3.d4 cxd4 4.Nxd4 Nc6 5.Nc3 Qc7 6.Be3 a6 7.Qd2 Nf6 8.O-O-O Be7
9.f3 h5 10.f4 b5 11.Bd3 Bb7 12.Rhe1 b4 13.Na4 d5 14.e5 Ng4 15.Nb3 Nxe3 16.Qxe3 Na5
17.Nac5 Nxb3+ 18.Nxb3 g6 19.Kb1 a5 20.Rc1 a4 21.Nd4 Bc5 22.Nxe6 fxe6 23.Bxg6+ Ke7
24.Qg3 a3 25.b3 Bf2 26.Qg5+ Kd7 27.c4 Qd8 28.Qxd8+ Raxd8 29.Re2 Bd4 30.Rd1 Bc3
31.f5 d4 32.Kc2 exf5 33.Bxf5+ Ke7 34.Kd3 Rdf8 35.Be4 Bxe4+ 36.Kxe4 Ke6 37.Rd3 Rf5
38.Rf3 Rxe5+  0-1

[Event "2nd Oscar Panno GM"]
[Site "Moron ARG"]
[Date "2013.05.16"]
[Round "5"]
[White "Obregon,A"]
[Black "Barbosa,Ev"]
[Result "1-0"]
[WhiteElo "2478"]
[BlackElo "2441"]

1.e4 c5 2.Nf3 e6 3.d4 cxd4 4.Nxd4 Nc6 5.Nc3 Qc7 6.Nxc6 bxc6 7.Bd3 Nf6 8.O-O Be7
9.Qe2 d5 10.Bg5 Bb7 11.Rae1 Nxe4 12.Bxe7 Nxc3 13.Qg4 Kxe7 14.bxc3 Kf8 15.f4 h5
16.Qh4 Qd8 17.Qh3 Qf6 18.Qe3 Qxc3 19.f5 e5 20.f6 g6 21.Qxe5 Qxe5 22.Rxe5 Bc8
23.h4 Rg8 24.Rb1 Be6 25.Rb7 c5 26.c3 c4 27.Bc2 a5 28.Kf2 Rh8 29.Ke3 Kg8 30.Kd4 Ra6
31.Rb8+ Kh7 32.Rxh5+  1-0

[Event "Somov Memorial 2013"]
[Site "Kirishi RUS"]
[Date "2013.05.17"]
[Round "10.2"]
[White "Aravindh,Chithambaram VR."]
[Black "Harutyunian,T"]
[Result "1/2-1/2"]
[WhiteElo "2328"]
[BlackElo "2359"]

1.e4 c5 2.Nf3 e6 3.d4 cxd4 4.Nxd4 Nc6 5.Nc3 Qc7 6.Be2 Nf6 7.O-O a6 8.Be3 Bb4
9.Na4 O-O 10.Nxc6 bxc6 11.Nb6 Rb8 12.Nxc8 Rfxc8 13.Bxa6 Rf8 14.Bd3 Bd6 15.h3 Be5
16.b3 Bxa1 17.Qxa1 e5 18.f4 d6 19.fxe5 dxe5 20.Rf5 Nd7 21.Qc3 f6 22.a4 Kh8
23.Rf1 Ra8 24.Ra1 Rfb8 25.a5 Nf8 26.Bc4 Qd6 27.Qd2 Qe7 28.c3 Ne6 29.b4 Nc7
30.Bc5 Qe8 31.Qe3 Nb5 32.Bb6 Rb7 33.Bf1 Rd7 34.a6 Qc8 35.Qc5 Nd6 36.Re1 h6
37.Kh2 Kh7 38.Re3 Nb5 39.c4 Nd4 40.b5 Ne6 41.Qxc6 Qxc6 42.bxc6 Rd1 43.Be2 Rb1
44.c5 Rc1 45.Rb3 Nd4 46.Rb2 Nxc6 47.Bb5 Nd4 48.a7 Ra1 49.Bd7 Rc1 50.Bb5 Nxb5
51.Rxb5 Ra1 52.c6 R1xa7 53.Bxa7 Rxa7 54.Kg3 Ra3+ 55.Kf2 Rc3 56.Rb6 Kg6 57.g3 Kg5
58.Rb7 g6 59.Rc7 h5 60.Rc8 h4 61.gxh4+ Kf4 62.c7 Rc2+ 63.Ke1 Kxe4 64.Rf8 Rxc7
65.Rxf6 Ke3 66.Kf1 Rh7 67.Rxg6 Rxh4 68.Ra6 e4 69.Ra3+ Kf4 70.Kf2 Rh8 71.Ke2 Rb8
72.h4 Rb2+ 73.Ke1 Rh2 74.h5 Rxh5 75.Ke2 Rh2+ 76.Ke1 Rb2 77.Rc3 Ke5 78.Ra3 Rb4
79.Ke2 Kd4 80.Rh3 Ra4 81.Rg3 Ra1 82.Rh3 Rg1 83.Ra3 Rg2+ 84.Ke1 Rb2 85.Rh3 e3
86.Rh8  1/2-1/2

[Event "10th Orlova Open"]
[Site "Orlova CZE"]
[Date "2013.05.17"]
[Round "5.12"]
[White "Kostka,Vit"]
[Black "Kubosova,Jana"]
[Result "1/2-1/2"]
[WhiteElo "1894"]
[BlackElo "1644"]

1.e4 c5 2.Nf3 Nc6 3.d4 cxd4 4.Nxd4 e6 5.Nc3 a6 6.Nxc6 bxc6 7.Bd3 Qc7 8.O-O Bb7
9.Re1 d5 10.Na4 Rc8 11.b3 h5 12.c4 Nf6 13.e5 Nd7 14.Bb2 Nb6 15.Nxb6 Qxb6
16.Rc1 Bc5 17.Qf3 Rd8 18.Re2 Qa5 19.Qg3 g6 20.Qf4 Be7 21.cxd5 g5 22.Qa4 Rxd5
23.Be4 Rb5 24.Bd4 Bc5 25.Bxc5 Rxc5 26.Rxc5 Qxc5 27.Qc4 Qxc4 28.bxc4 Kd7  1/2-1/2

[Event "BSG Pinkstertoernooi 2013"]
[Site "Bussum NED"]
[Date "2013.05.19"]
[Round "4.6"]
[White "Slingerland,F"]
[Black "Overeem,M"]
[Result "1-0"]
[WhiteElo "2349"]
[BlackElo "2157"]

1.e4 c5 2.Nf3 e6 3.d4 cxd4 4.Nxd4 Nc6 5.Nc3 Qc7 6.Be2 a6 7.O-O Nf6 8.Be3 Be7
9.f4 d6 10.Kh1 O-O 11.Qe1 Nxd4 12.Bxd4 b5 13.a3 Bb7 14.Qg3 Bc6 15.Rad1 Rad8
16.Rfe1 Qb7 17.Bf3 a5 18.Nd5 exd5 19.exd5 Bxd5 20.Bxd5 Qc7 21.Be4 Rb8 22.Bd3 Rb7
23.Re3 g6 24.f5 Nh5 25.Qg4 Bf6 26.Bxf6 Nxf6 27.Qg5 Kg7 28.Rf1 Qc5 29.Rh3 Qe5
30.Qh6+ Kg8 31.Rg3 Nh5 32.Qxh5 Qxg3 33.Qh6  1-0

[Event "10th Orlova Open"]
[Site "Orlova CZE"]
[Date "2013.05.19"]
[Round "7.6"]
[White "Nespor,Ivan"]
[Black "Kubos,R"]
[Result "0-1"]
[WhiteElo "1739"]
[BlackElo "2209"]

1.e4 c5 2.Nf3 Nc6 3.d4 cxd4 4.Nxd4 e6 5.Nc3 Qc7 6.Be2 a6 7.O-O b5 8.a3 Bb7
9.Be3 Rc8 10.Ndxb5 axb5 11.Nxb5 Qb8 12.c4 Nf6 13.f3 Be7 14.b4 O-O 15.Rc1 d6
16.Qd2 Rfd8 17.Nd4 Nxd4 18.Qxd4 Qa8 19.Qa7 Qxa7 20.Bxa7 Ra8 21.Bb6 Rdc8 22.Ba5 Nd7
23.Rfd1 Bc6 24.g3 Ba4 25.Rd2 Bc6 26.Kf2 g5 27.h3 Bf8 28.Bd3 Nc5 29.Rb1 Nb7
30.Bb6 Rxa3 31.e5 dxe5 32.c5 Bd5 33.Be4 Bxe4 34.fxe4 Nxc5 35.bxc5 Bxc5+ 36.Bxc5 Rxc5  0-1

[Event "Gligoric Cup 2013"]
[Site "Banja Koviljaca SRB"]
[Date "2013.05.20"]
[Round "1.2"]
[White "Savicevic,V"]
[Black "Ivanisevic,I"]
[Result "0-1"]
[WhiteElo "2315"]
[BlackElo "2655"]

1.e4 c5 2.Nf3 e6 3.Nc3 Nc6 4.d4 cxd4 5.Nxd4 Qc7 6.g3 a6 7.Bg2 h5 8.O-O h4
9.Re1 hxg3 10.hxg3 d6 11.e5 Nxe5 12.f4 Nd7 13.Nd5 Qb8 14.Qe2 Ne7 15.c4 exd5
16.Nf5 Ne5 17.Nxe7 Bg4 18.Qf2 Bxe7 19.fxe5 dxe5 20.Bxd5 O-O 21.Kg2 Qc7 22.Re4 Be6
23.Bxe6 fxe6 24.Qc2 Rf5 25.Be3 Raf8 26.c5 Qc6 27.Re1 Bg5 28.Bg1 Rd8 29.Re2 Qe8
30.Qb3 Qg6 31.Bf2 Bf4 32.Be1 Rh5 33.Qf3 Rf8 34.Qb3 Qg4  0-1

[Event "Chess Ladies Vienna"]
[Site "Vienna AUT"]
[Date "2013.05.20"]
[Round "3.3"]
[White "Kopinits,A"]
[Black "Haast,A"]
[Result "1/2-1/2"]
[WhiteElo "2254"]
[BlackElo "2260"]

1.e4 c5 2.Nf3 e6 3.d4 cxd4 4.Nxd4 Nc6 5.Nc3 Qc7 6.Be2 a6 7.O-O Nf6 8.Kh1 h5
9.f4 Nxd4 10.Qxd4 Bc5 11.Qd3 Ng4 12.e5 Nh6 13.Bxh5 Nf5 14.Bg4 g6 15.Ne4 Be7
16.Bd2 b5 17.Bxf5 gxf5 18.Nd6+ Bxd6 19.exd6 Qc6 20.Rf3 Bb7 21.Bc3 Rg8 22.Bf6 Rg6
23.Be7 f6 24.Rg1 Kf7 25.Rg3 Rag8 26.Rxg6 Rxg6 27.Qe2 Kg7 28.h3 Qd5 29.a3 Qd4
30.Qh5 Rg3 31.Qh4 Rg6 32.Qh5 Qe3 33.Bf8+ Kxf8 34.Qh8+ Kf7 35.Qh7+ Rg7 36.Qh5+ Kf8  1/2-1/2

[Event "Gligoric Cup 2013"]
[Site "Banja Koviljaca SRB"]
[Date "2013.05.21"]
[Round "2.6"]
[White "Simic,Dragi"]
[Black "Andrejic,V"]
[Result "0-1"]
[WhiteElo "2310"]
[BlackElo "2212"]

1.e4 c5 2.Nf3 e6 3.d4 cxd4 4.Nxd4 Nc6 5.Nc3 Qc7 6.Be3 a6 7.Bd3 b5 8.Qd2 Bb7
9.O-O-O Nf6 10.f4 b4 11.Nce2 Nxd4 12.Bxd4 Nxe4 13.Qe3 Nf6 14.Rhe1 Rc8 15.f5 Bc5
16.Qg5 Bxd4 17.Nxd4 O-O 18.Re3 h6 19.Qh4 e5 20.g4 exd4 21.g5 hxg5 22.Qxg5 Nh7
23.Qg4 dxe3  0-1

[Event "Gligoric Cup 2013"]
[Site "Banja Koviljaca SRB"]
[Date "2013.05.23"]
[Round "4.1"]
[White "Vuckovic,Bo"]
[Black "Perunovic,Mil"]
[Result "1/2-1/2"]
[WhiteElo "2600"]
[BlackElo "2630"]

1.e4 c5 2.Nf3 e6 3.d4 cxd4 4.Nxd4 Nc6 5.Nc3 Qc7 6.Be3 a6 7.Qd2 Nf6 8.O-O-O Bb4
9.f3 O-O 10.a3 Be7 11.g4 b5 12.g5 Nh5 13.Nce2 b4 14.a4 Nxd4 15.Qxd4 d5 16.exd5 Rd8
17.Qb6 Qxb6 18.Bxb6 Rxd5 19.Rxd5 exd5 20.Be3 Bd7 21.b3 Bd6 22.Kd2 Re8 23.Nd4 Bc8
24.Bd3 g6 25.Ne2 Ng7 26.h4 Nf5 27.Bxf5 Bxf5 28.Nd4 Bd7 29.h5 Be5 30.f4 Bd6
31.hxg6 fxg6 32.Nf3 Re4 33.Ne5 Bf5 34.Rf1 d4 35.Bg1 Kf8 36.Nd3 Ke7 37.Bh2 Ke6
38.Bg3 Kd5 39.Re1 Rxe1 40.Kxe1 Ke4 41.Ke2 Bg4+ 42.Kd2 a5 43.Ne5 Bc8 44.Bh2 Ba6
45.Bg3 Kf5 46.Bh2 Ke4  1/2-1/2

[Event "22nd TCh-CRO Cup 2013"]
[Site "Bol na Bracu CRO"]
[Date "2013.05.23"]
[Round "3.123"]
[White "Radic,Antonio"]
[Black "Milosavljevic,J"]
[Result "1/2-1/2"]
[WhiteElo "1913"]
[BlackElo "2078"]

1.e4 c5 2.Nf3 Nc6 3.Nc3 e6 4.d4 cxd4 5.Nxd4 a6 6.a4 Bb4 7.Nxc6 dxc6 8.Qxd8+ Kxd8
9.a5 e5 10.Bc4 Be6 11.Bxe6 fxe6 12.Be3 Nf6 13.f3 Nd7 14.Ke2 Kc7 15.Rhd1 Rad8
16.Ra4 Be7 17.b4 Kc8 18.Rd3 Nf6 19.Na2 Rxd3 20.Kxd3 Rd8+ 21.Ke2 Ne8 22.Ra3 Nd6
23.Bc5 Nb5 24.Bxe7 Rd7 25.Rd3 Rxe7 26.c3 Kc7 27.Nc1 Na3 28.Kd2 Nc4+ 29.Ke2 g5
30.Nb3 h6 31.Nc5 Kc8 32.Rd1 Kc7 33.h4 gxh4 34.Rh1 h3 35.Rxh3 b6 36.axb6+ Kxb6
37.Rxh6 a5 38.Rxe6 Rg7 39.Kf2 Kb5 40.Nd3 a4 41.Re8 Ra7 42.Rb8+ Nb6 43.Nc1 Ra6
44.g4 Kc4 45.g5 Nd7 46.g6 Nf6 47.g7 Ra7 48.Rc8 Kxc3 49.Rxc6+ Kxb4 50.Rxf6 Rxg7
51.Nd3+ Kc3 52.Nxe5 Ra7 53.Nc6 Ra8 54.Ke3 a3 55.Nd4 a2 56.Rc6+ Kb2 57.Nc2 Ra3+
58.Kf4 Rc3 59.Rxc3 Kxc3 60.Na1 Kb2 61.e5 Kxa1 62.e6 Kb1 63.e7 a1=Q 64.e8=Q Qf6+
65.Ke3 Qh6+ 66.f4 Qh3+ 67.Ke4 Qg2+ 68.Kf5 Qh3+  1/2-1/2

[Event "Hungarian National Open 2013"]
[Site "Zalakaros HUN"]
[Date "2013.05.24"]
[Round "3"]
[White "Tesik,C"]
[Black "Meszaros,T"]
[Result "1/2-1/2"]
[WhiteElo "2351"]
[BlackElo "2415"]

1.e4 c5 2.Nf3 Nc6 3.d4 cxd4 4.Nxd4 e6 5.Nc3 Qc7 6.Be3 Nf6 7.f4 Nxd4 8.Qxd4 b6
9.Nb5 Qc6 10.Qc4 Rb8 11.Qxc6 dxc6 12.Nc3 Bb4 13.Bd2 Bb7 14.Bd3 c5 15.Nb1 Bxd2+
16.Nxd2 Ke7 17.c3 Rbd8 18.Ke2 Rd7 19.Bb5 Rc7 20.e5 Nh5 21.Ke3 g6 22.Rhg1 Rd8
23.Rad1 a6 24.Be2 Ng7 25.g4 b5 26.Bf3 c4 27.Bxb7 Rd3+ 28.Ke2 Rxb7 29.Nf3 Rxd1
30.Rxd1 h5 31.h3 Rb8 32.Rd6 Ra8 33.Nd4 hxg4 34.hxg4 Rh8 35.Nf3 Ra8 36.Rb6 Ra7
37.Nd4 Kd7 38.a4 bxa4 39.Rb4 Ne8 40.Rxa4 Rb7 41.Rxa6 Rxb2+ 42.Kf3 Rb1 43.Ra4 Nc7
44.Rxc4 Rf1+ 45.Kg3 Rg1+ 46.Kh3 Nd5 47.Nf3  1/2-1/2

[Event "Chicago Open 2013"]
[Site "Wheeling USA"]
[Date "2013.05.25"]
[Round "4.5"]
[White "Corrales Jimenez,F"]
[Black "Krush,I"]
[Result "1-0"]
[WhiteElo "2604"]
[BlackElo "2470"]

1.e4 c5 2.Nf3 e6 3.d4 cxd4 4.Nxd4 Nc6 5.Nc3 Qc7 6.Be2 a6 7.O-O Nf6 8.Be3 Be7
9.f4 d6 10.a4 O-O 11.Kh1 Bd7 12.Qe1 Nxd4 13.Bxd4 Bc6 14.Qg3 b6 15.Rae1 Qb7
16.Bd3 b5 17.Qh3 h6 18.Re3 b4 19.Rg3 Kh8 20.e5 dxe5 21.fxe5 Nh7 22.Rf6 Rg8
23.Rxf7 bxc3 24.Qxh6 Bxg2+ 25.Kg1 Be4 26.Rfxg7 Bg5 27.Rxb7 Bxh6 28.Bxe4 Ng5
29.Bg2 cxb2 30.Rxb2 Rac8 31.c3 Rb8 32.Rxb8 Rxb8 33.h4 Rb1+ 34.Kf2 Rb2+ 35.Kf1 Nf7
36.Rg6  1-0

[Event "Chicago Open 2013"]
[Site "Wheeling USA"]
[Date "2013.05.25"]
[Round "4.25"]
[White "Griggs,Walker K"]
[Black "Homa,S"]
[Result "0-1"]
[WhiteElo "2202"]
[BlackElo "2307"]

1.e4 c5 2.Nf3 e6 3.d4 cxd4 4.Nxd4 Nc6 5.Nc3 Qc7 6.Be2 a6 7.O-O Nf6 8.Kh1 Nxd4
9.Qxd4 Bc5 10.Qd2 d6 11.a3 b5 12.b4 Ba7 13.Bb2 O-O 14.Rad1 Bb8 15.Qg5 h6
16.Qg3 Qe7 17.f4 Bb7 18.Bd3 e5 19.fxe5 dxe5 20.Rf5 Bc8 21.Rf2 Nh5 22.Qf3 Qh4
23.Be2 Nf6 24.g3 Qg5 25.Bc1 Qg6 26.Nd5 Nxd5 27.exd5 Bd6 28.Rdf1 Bh3 29.Bd3 f5
30.Qe3 Bxf1 31.Bxf1 f4 32.gxf4 Rxf4 33.Rxf4 exf4 34.Qe6+ Qxe6 35.dxe6 Be5
36.Kg2 Rc8 37.Bd3 Kf8 38.Kf3 Ke7 39.Kg4 Kf6 40.h4 Rc7 41.a4 bxa4 42.c4 Kxe6
43.c5 a5 44.Bc4+ Kf6 45.Ba3 axb4 46.Bxb4  0-1

[Event "e2e4 Sunningdale Open"]
[Site "Ascot ENG"]
[Date "2013.05.26"]
[Round "5"]
[White "Amato,G"]
[Black "Peat,M"]
[Result "0-1"]
[WhiteElo "1978"]
[BlackElo "2094"]

1.e4 c5 2.Nf3 e6 3.d4 cxd4 4.Nxd4 Nc6 5.Nc3 Qc7 6.Be2 Nf6 7.O-O a6 8.Kh1 Be7
9.f4 d6 10.a4 O-O 11.Bf3 Rd8 12.Be3 Ne5 13.Ndb5 axb5 14.Nxb5 Qc6 15.fxe5 dxe5
16.Qe2 Bd7 17.Qf2 Ra6 18.b3 Be8 19.Rab1 b6 20.Rfd1 Nd7 21.Qg3 Raa8 22.c4 Nc5
23.Rxd8 Rxd8 24.Qxe5 Rd3 25.Bxc5 Bxc5 26.Qc7 Kf8 27.Qxc6 Bxc6 28.b4 Be3 29.h3 e5
30.Nc7 Bxa4 31.Nd5 Bd4 32.Kh2 f6 33.b5 Bb3 34.Be2 Rd2 35.Rxb3 Rxe2 36.Ra3 Bc5
37.Ra8+ Kf7 38.Ra7+ Kg6 39.Rb7 Rxe4 40.Nxb6 Bxb6 41.Rxb6 Rxc4 42.Rc6 Rb4
43.b6 h5 44.Kg1 Rb2 45.Rd6 h4 46.Kf1 Kf5 47.Rd7 g5 48.b7 Kf4 49.Rc7 e4 50.Rf7 f5
51.Rc7 Rb3 52.Rf7 Ke3 53.Kg1 Rb1+ 54.Kh2 Kf4 55.Rc7 Rb3 56.Re7 e3 57.Kg1 Rb1+
58.Kh2 Rb3 59.Kg1 Rb1+ 60.Kh2 g4 61.hxg4 fxg4 62.Rf7+ Kg5 63.Rg7+ Kf5 64.Rf7+ Ke6
65.Rf4 e2 66.Re4+ Kf5  0-1

[Event "22nd TCh-CRO Cup 2013"]
[Site "Bol na Bracu CRO"]
[Date "2013.05.26"]
[Round "6.23"]
[White "Plenca,J"]
[Black "Jovanic,O"]
[Result "1/2-1/2"]
[WhiteElo "2349"]
[BlackElo "2535"]

1.e4 c5 2.Nf3 e6 3.d4 cxd4 4.Nxd4 Nc6 5.Nc3 Qc7 6.Be2 a6 7.O-O Nf6 8.Kh1 Be7
9.f4 d6 10.a4 O-O 11.Nb3 b6 12.Be3 Bb7 13.Bf3 Rfe8 14.g4 Nd7 15.g5 Bf8 16.Bg2 Na5
17.Nxa5 bxa5 18.Qe1 Rac8 19.Qf2 Qb8 20.Ba7 Qa8 21.Rae1 Rc4 22.Bd4 Rec8 23.Qd2 e5
24.Bg1 Nc5 25.Bxc5 R8xc5 26.f5 Qc8 27.Re3 g6 28.Qf2 Rc7 29.Qh4 Qd8 30.Rh3 h6
31.fxg6 fxg6 32.Rf6 Qe8 33.gxh6 Be7 34.Re6 Qf7 35.Qg4 Kh7 36.Rg3 Bc8 37.Qxg6+ Qxg6
38.Rexg6 Bh4 39.Rg7+ Rxg7 40.Rxg7+ Kxh6 41.Rg8 Kh7 42.Rf8 Kg7 43.Rf1 Bd7
44.Rd1 Rd4 45.Rxd4 exd4 46.Ne2 Bf2 47.b3 Bg4 48.Nc1 Bd1 49.Bf1 Be3 50.Be2 Bxc2
51.Bd3 Bd1 52.Be2 Bc2 53.Bd3 Bd1 54.Be2 Bxe2 55.Nxe2 Kf6 56.Kg2 Ke5 57.Kf3 Bg5
58.h4 Bh6 59.Ng3 d3 60.Nf5 d2 61.Ke2 Bf4 62.Ne7 Kxe4 63.Nc6 d5 64.b4 axb4
65.Nxb4 Kd4 66.Nxa6 Kc4 67.h5 Kb3 68.Kd1 Kxa4 69.Nc5+  1/2-1/2

[Event "La Punta Closed 2013"]
[Site "San Luis ARG"]
[Date "2013.05.26"]
[Round "3.3"]
[White "Martinez,Ay"]
[Black "Lujan,C"]
[Result "0-1"]
[WhiteElo "2110"]
[BlackElo "2380"]

1.e4 c5 2.Nf3 e6 3.d4 cxd4 4.Nxd4 Nc6 5.Nc3 Qc7 6.Be3 a6 7.Qd2 Nf6 8.O-O-O Nxd4
9.Qxd4 Ng4 10.Bd3 Nxe3 11.Qxe3 Bc5 12.Qg5 Bd4 13.Ne2 Bf6 14.Qg3 Qxg3 15.hxg3 b5
16.f4 Bb7 17.g4 g6 18.e5 Bg7 19.Rh2 O-O-O 20.c4 d6 21.cxb5 axb5 22.Bc2 dxe5
23.Rxd8+ Kxd8 24.f5 exf5 25.gxf5 gxf5 26.Bxf5 h5 27.g3 Ke7 28.Nc3 b4 29.Ne4 Bc8
30.Bxc8 Rxc8+ 31.Kd2 Bh6+ 32.Kd3 f5 33.Nf2 e4+ 34.Kd4 Bg7+ 35.Ke3 Bh6+ 36.Kd4 Rc2
37.Rxh5 Rd2+ 38.Kc4 Rxf2 39.Rxh6 Rxb2 40.Kd4 Rxa2 41.Rb6 Rd2+ 42.Ke3 Rd3+
43.Kf4 Rf3+ 44.Ke5 e3 45.Rb7+ Kd8 46.Kd6 Kc8 47.Rc7+ Kb8 48.g4 fxg4 49.Rc4 b3
50.Rxg4 e2 51.Rg8+ Kb7 52.Re8 b2  0-1

[Event "TCh-SUI 2013"]
[Site "Switzerland SUI"]
[Date "2013.05.26"]
[Round "3.4"]
[White "Georgiadis,N"]
[Black "Renet,O"]
[Result "0-1"]
[WhiteElo "2391"]
[BlackElo "2469"]

1.e4 c5 2.Nf3 e6 3.d4 cxd4 4.Nxd4 Nc6 5.Nc3 d6 6.g3 Nf6 7.Bg2 Bd7 8.Ndb5 Qb8
9.a4 Be7 10.O-O O-O 11.Be3 Rd8 12.Qe2 Be8 13.Rfd1 a6 14.Na3 Nd7 15.Nc4 b6
16.f4 Qc7 17.a5 bxa5 18.Na4 Rab8 19.Rd2 Na7 20.b3 Nb5 21.Rd3 h6 22.Qd2 d5
23.exd5 exd5 24.Rxd5 Nf6 25.Rxd8 Rxd8 26.Qxa5 Qc8 27.Nab6 Qf5 28.Rc1 Ng4
29.Kh1 Qh5 30.h3 Bc6 31.h4 Bxg2+ 32.Kxg2 Nxe3+ 33.Nxe3 Qe2+ 34.Kh3 Qxe3 35.Re1 Qc5
36.Re5 Qa3 37.Na4 Bf6 38.c4 Nd4  0-1

[Event "Hungarian National Open 2013"]
[Site "Zalakaros HUN"]
[Date "2013.05.26"]
[Round "5"]
[White "Kernazhitsky,L"]
[Black "Peczely,S"]
[Result "0-1"]
[WhiteElo "2305"]
[BlackElo "2147"]

1.e4 c5 2.Nf3 e6 3.d4 cxd4 4.Nxd4 Nc6 5.Nc3 Qc7 6.Nxc6 bxc6 7.Bd3 d5 8.O-O Nf6
9.Re1 Bd6 10.h3 a6 11.Qe2 d4 12.Na4 e5 13.c3 c5 14.cxd4 cxd4 15.Bd2 Bd7 16.Rec1 Qa7
17.b3 O-O 18.Nb2 Ba3 19.Rc2 Bxb2 20.Rxb2 Bb5 21.Bxb5 axb5 22.Qxb5 Nxe4 23.Qxe5 Rfe8
24.Qf4 d3 25.a4 Qd4 26.Rab1 Rac8 27.Qe3 Qd7 28.Rf1 Nxd2 29.Qxd2 Re2 30.Qxe2 dxe2
31.Rxe2 h6 32.Ra2 Qd3 33.a5 Qxb3 34.Raa1 Rc2 35.a6 Ra2 36.a7 Qa4 37.Rxa2 Qxa2
38.Re1 Qxa7 39.Re3 g6 40.g3 Kg7 41.Kg2 Qb7+ 42.Kh2 f5 43.h4 Kf6 44.Kg1 Qc6
45.Kh2 Qa4 46.Kg2 Qd4 47.Re8 Qd5+ 48.Kg1 Qc5 49.Re3 Kg7 50.Rf3 Qc1+ 51.Kh2 Qf1
52.Rf4 Kf6 53.Rf3 g5  0-1

[Event "Chicago Open 2013"]
[Site "Wheeling USA"]
[Date "2013.05.27"]
[Round "8.16"]
[White "Chandra,Akshat"]
[Black "Diamant,A"]
[Result "1/2-1/2"]
[WhiteElo "2270"]
[BlackElo "2479"]

1.e4 c5 2.Nf3 Nc6 3.d4 cxd4 4.Nxd4 e6 5.Nc3 Qc7 6.g3 d6 7.Bg2 Bd7 8.O-O Be7
9.Nb3 Nf6 10.Kh1 a6 11.a4 Na5 12.Nxa5 Qxa5 13.f4 Bc6 14.Be3 O-O 15.Qd2 Qc7
16.a5 Nd7 17.Na4 f5 18.Nb6 Rae8 19.exf5 Rxf5 20.Rfe1 Nf6 21.Bg1 e5 22.Nd5 Nxd5
23.Bxd5+ Kh8 24.Bb6 Qc8 25.fxe5 Bf6 26.Bxc6 Qxc6+ 27.Qg2 Rfxe5 28.Rxe5 Rxe5
29.Qxc6 bxc6 30.Rd1 d5 31.b3 Kg8 32.c4 dxc4 33.bxc4 Re4 34.Rd7 Rxc4 35.Ra7 Bd4
36.Bxd4  1/2-1/2

[Event "Chicago Open 2013"]
[Site "Wheeling USA"]
[Date "2013.05.27"]
[Round "9.6"]
[White "Shabalov,A"]
[Black "Krush,I"]
[Result "1-0"]
[WhiteElo "2544"]
[BlackElo "2470"]

1.e4 c5 2.Nf3 e6 3.d4 cxd4 4.Nxd4 Nc6 5.Nc3 Qc7 6.f4 a6 7.Nxc6 bxc6 8.Bd3 d5
9.O-O Nf6 10.Kh1 Be7 11.Qf3 Bb7 12.b3 c5 13.Bb2 O-O 14.Rae1 c4 15.bxc4 dxc4
16.Be2 Rfd8 17.Qg3 Bf8 18.Bf3 Nd7 19.Nd1 Kh8 20.Bc3 Nc5 21.Nf2 f6 22.Bg4 a5
23.Qh3 Ra6 24.Bh5 Kg8 25.Qg4 Qe7 26.Qg3 Na4 27.Ba1 Rd2 28.Rb1 Kh8 29.Qh4 Rxc2
30.Bg6 h6 31.e5 Rxa2 32.exf6 Qd7 33.Be5 Re2 34.Rxb7  1-0

[Event "ch-CZE 2013"]
[Site "Ledec nad Sazavou CZE"]
[Date "2013.05.29"]
[Round "9.4"]
[White "Zilka,S"]
[Black "Plat,V"]
[Result "0-1"]
[WhiteElo "2525"]
[BlackElo "2455"]

1.e4 c5 2.Nf3 e6 3.d4 cxd4 4.Nxd4 Nc6 5.Nc3 a6 6.Be2 Qc7 7.O-O Nf6 8.Be3 b5
9.Nxc6 dxc6 10.f4 b4 11.e5 bxc3 12.exf6 cxb2 13.Rb1 gxf6 14.Rxb2 Bd6 15.c4 c5
16.Rd2 Ke7 17.Bf3 Rb8 18.Qe1 Bxf4 19.Bxf4 Qxf4 20.Qf2 Qf5 21.Rd5 exd5 22.Qxc5+ Kd7
23.h3 Qe5 24.Bxd5 Bb7 25.Qa7 Kc8 26.Bxb7+ Rxb7 27.Qa8+ Qb8  0-1

[Event "French Top 12 2013"]
[Site "Haguenau FRA"]
[Date "2013.05.30"]
[Round "1.6"]
[White "Philippe,C"]
[Black "Netzer,Je"]
[Result "1/2-1/2"]
[WhiteElo "2372"]
[BlackElo "2406"]

1.e4 c5 2.Nf3 e6 3.Nc3 Nc6 4.d4 cxd4 5.Nxd4 Qc7 6.Be2 a6 7.O-O Nf6 8.Kh1 Nxd4
9.Qxd4 Bc5 10.Qd3 b5 11.f4 Bb7 12.Bf3 h5 13.e5 Ng4 14.Bxb7 Qxb7 15.a4 O-O
16.Ne4 Be7 17.b3 Rfc8 18.Bb2 Qc6 19.h3 Nh6 20.Rf2 Nf5 21.Kh2 h4 22.Rd2 Bb4
23.Re2 Kf8 24.Ba3 Bxa3 25.Rxa3 Qd5 26.axb5 Qxd3 27.cxd3 axb5 28.Rxa8 Rxa8
29.Kg1 Ra1+ 30.Kf2 Rb1 31.Nc5 Ke7 32.Ra2 d6 33.Ra7+ Ke8 34.Ra8+ Ke7 35.Ra7+ Ke8
36.Ra8+  1/2-1/2

[Event "6th Mayors Cup 2013"]
[Site "Mumbai IND"]
[Date "2013.05.30"]
[Round "2"]
[White "Akshayraj,K"]
[Black "Hasan,Me"]
[Result "1/2-1/2"]
[WhiteElo "2508"]
[BlackElo "2274"]

1.e4 c5 2.Nf3 e6 3.d4 cxd4 4.Nxd4 Nc6 5.Nc3 Qc7 6.Be2 a6 7.O-O Nf6 8.Be3 Be7
9.f4 d6 10.Kh1 O-O 11.a4 Rb8 12.Qe1 Re8 13.g4 Bf8 14.g5 Nd7 15.Rd1 b6 16.Qh4 g6
17.Rf3 Bb7 18.Rh3 h6 19.Nf3 Qd8 20.Rxd6 Qe7 21.Rd2 Nc5 22.Qf2 Bg7 23.Bd3 h5
24.e5 Red8 25.Kg1 Nb4 26.Bf1 Rxd2 27.Qxd2 Rd8 28.Qf2 Bf8 29.Nd4 Qd7 30.b3 Ne4
31.Nxe4 Bxe4 32.c3 Nd5 33.Bd2 Bc5 34.Bxa6 Nxc3 35.Bxc3 Bxd4 36.Bxd4  1/2-1/2

[Event "6th Mayors Cup 2013"]
[Site "Mumbai IND"]
[Date "2013.05.30"]
[Round "3"]
[White "Karthikeyan,M2"]
[Black "Konguvel,P"]
[Result "1/2-1/2"]
[WhiteElo "2435"]
[BlackElo "2357"]

1.e4 c5 2.Nf3 e6 3.Nc3 Nc6 4.d4 cxd4 5.Nxd4 Qc7 6.Be2 a6 7.Be3 Nf6 8.f4 Bb4
9.Bf3 Na5 10.O-O Nc4 11.Bc1 Nxb2 12.Bxb2 Bxc3 13.Bxc3 Qxc3 14.e5 Ne4 15.Bxe4 Qe3+
16.Kh1 Qxe4 17.c4 O-O 18.Qd2 f6 19.Rae1 Qg6 20.f5 Qe8 21.fxe6 dxe6 22.exf6 Rxf6
23.Rxf6 gxf6 24.Nf5 Bd7 25.Qd4 exf5 26.Rxe8+ Rxe8 27.Qd5+ Be6 28.Qxb7 Bxc4
29.h4 Bxa2 30.h5 h6 31.Qxa6 Bf7 32.Qxf6 Bxh5 33.Qxh6 Bf7 34.Qg5+ Kf8 35.Qxf5 Re6
36.g4 Kg7 37.Kg2 Rg6 38.Qe5+ Kg8 39.Kf3 Re6 40.Qd4 Rg6 41.Kf4 Be6 42.Qd8+ Kg7
43.Qe7+ Kg8 44.g5 Bf7  1/2-1/2

[Event "French Top 12 2013"]
[Site "Haguenau FRA"]
[Date "2013.05.31"]
[Round "2.1"]
[White "Landa,K"]
[Black "Nanu,C"]
[Result "1/2-1/2"]
[WhiteElo "2644"]
[BlackElo "2519"]

1.e4 c5 2.Nf3 e6 3.d4 cxd4 4.Nxd4 Nc6 5.Nc3 Qc7 6.Be2 a6 7.O-O Nf6 8.Be3 Bb4
9.Na4 Be7 10.Nxc6 bxc6 11.Bb6 Qb8 12.Bd3 d6 13.b3 e5 14.c4 c5 15.Ba5 Bd7
16.b4 cxb4 17.Rb1 O-O 18.Nb6 Ra7 19.Rxb4 Qe8 20.Qe2 Bc6 21.Rfb1 Nd7 22.Qe3 Nc5
23.Nd5 Bxd5 24.cxd5 Bd8 25.Rb8 Bxa5 26.Rxe8 Rxe8 27.Qe2 g6 28.h4 h5 29.Bc2 Raa8
30.g4 hxg4 31.Qxg4 Kg7 32.h5 Rh8 33.hxg6 Rh6 34.Kf1 Rxg6 35.Qf3 Rh8 36.Ke2 Rh2
37.Rh1 Rxh1 38.Qxh1 Bc3 39.Qh3 Bd4 40.Kf1 Rf6 41.Qg4+ Rg6 42.Qh3 Rf6 43.Qg4+ Rg6
44.Qh3  1/2-1/2

[Event "French Top 12 2013"]
[Site "Haguenau FRA"]
[Date "2013.05.31"]
[Round "2.4"]
[White "Apicella,M"]
[Black "Jansa,Vl"]
[Result "0-1"]
[WhiteElo "2532"]
[BlackElo "2438"]

1.e4 c5 2.Nf3 e6 3.d4 cxd4 4.Nxd4 Nc6 5.Nc3 a6 6.Be2 d6 7.O-O Nf6 8.Nxc6 bxc6
9.Qd3 Be7 10.Qg3 O-O 11.Be3 Bb7 12.Rad1 Qc7 13.Bf4 e5 14.Bh6 Ne8 15.Be3 Kh8
16.f4 Bf6 17.f5 Be7 18.Bf3 Rb8 19.Qf2 Ba8 20.b3 Qa5 21.Na4 Nf6 22.Bb6 Qb4
23.c3 Qa3 24.Ba7 Rbd8 25.Bb6 Rb8 26.Kh1 d5 27.Bc7 dxe4 28.Be2 Rbe8 29.Bxa6 Nd5
30.Bxe5 Bf6 31.Bxf6 Nxf6 32.Rfe1 e3 33.Qe2 c5 34.Rd3 Nd5 35.f6 gxf6 36.Qf3 Qxa2
37.Rxd5 Qf2 38.Rxe3 Qxf3 39.Rxf3 Bxd5 40.Rf2 Re1+ 41.Bf1 Bxb3 42.Nxc5 Bc4
43.Kg1 Rd8  0-1

[Event "French Top 12 2013"]
[Site "Haguenau FRA"]
[Date "2013.05.31"]
[Round "2.4"]
[White "Apicella,M"]
[Black "Jansa,Vl"]
[Result "0-1"]
[WhiteElo "2532"]
[BlackElo "2438"]

1.e4 c5 2.Nf3 e6 3.d4 cxd4 4.Nxd4 Nc6 5.Nc3 a6 6.Be2 d6 7.O-O Nf6 8.Nxc6 bxc6
9.Qd3 Be7 10.Qg3 O-O 11.Be3 Bb7 12.Rad1 Qc7 13.Bf4 e5 14.Bh6 Ne8 15.Be3 Kh8
16.f4 Bf6 17.f5 Be7 18.Bf3 Rb8 19.Qf2 Ba8 20.b3 Qa5 21.Na4 Nf6 22.Bb6 Qb4
23.c3 Qa3 24.Ba7 Rbd8 25.Bb6 Rb8 26.Kh1 d5 27.Bc7 dxe4 28.Be2 Rbe8 29.Bxa6 Nd5
30.Bxe5 Bf6 31.Bxf6 Nxf6 32.Rfe1 e3 33.Qe2 c5 34.Rd3 Nd5 35.f6 gxf6 36.Qf3 Qxb3
37.axb3  0-1